000 00813nam a2200277Ia 4500
003 OSt
005 20220925223353.0
006 a|||||r|||| 00| 0
007 ta
008 220923b |||||||| |||| 00| 0 eng d
020 _a0415300886
037 _cGeneral Book
040 _aRTL
_cRTL
_beng
041 _2eng
_aeng
082 _aRxN01:g(Y15), P4
100 _aCampbell Kirsten
_9145600
245 0 _aJacques Lacan and feminist epistemology
260 _aLondon
_bRoutledge
_c2003
300 _aviii, 209p. Bibliography p.187-202
_ccm.
490 _aTransformations : Thinking through Feminism
500 _aBibliography P 187-202
650 _a Sociology
650 _aPhilosophy
942 _hRxN01:g(Y15), P4
_cGB
_2CC
999 _c579348
_d579348